Mercantilism and the East India trade
Gorde:
| Egile nagusia: | |
|---|---|
| Formatua: | Liburua |
| Hizkuntza: | Undetermined |
| Argitaratua: |
London
Frank Cass
1963
|
| Gaiak: | |
| Etiketak: |
Etiketa erantsi
Etiketarik gabe, Izan zaitez lehena erregistro honi etiketa jartzen!
|
| Thư viện lưu trữ: | Trung tâm Học liệu Trường Đại học Cần Thơ |
|---|
| LEADER | 00462nam a2200181Ia 4500 | ||
|---|---|---|---|
| 001 | CTU_93036 | ||
| 008 | 210402s9999 xx 000 0 und d | ||
| 082 | |a 382.954 | ||
| 082 | |b T454 | ||
| 100 | |a P. J. Thomas | ||
| 245 | 0 | |a Mercantilism and the East India trade | |
| 245 | 0 | |c P. J. Thomas | |
| 260 | |a London | ||
| 260 | |b Frank Cass | ||
| 260 | |c 1963 | ||
| 650 | |a economic | ||
| 904 | |i Nguyên | ||
| 980 | |a Trung tâm Học liệu Trường Đại học Cần Thơ | ||